[Event "Santo Domingo De La Madre op"]
[Site "Santo Domingo"]
[Date "2018.05.25"]
[Round "4"]
[White "Reyes Rodriguez, Jhohansen"]
[Black "Gonzalez Peguero, Mary Loly"]
[Result "1/2-1/2"]
[WhiteElo "1798"]
[BlackElo "1541"]
[PlyCount "93"]
[EventDate "2018.05.18"]
[EventType "swiss"]
[EventRounds "8"]
[EventCountry "DOM"]
[SourceTitle "CBM 184 Extra"]
[Source "ChessBase"]
[SourceDate "2018.06.28"]
[SourceVersion "1"]
[SourceVersionDate "2018.06.28"]
[SourceQuality "1"]

1. c4 e5 2. Nc3 g6 3. g3 Bg7 4. Bg2 Nc6 5. d3 d6 6. e4 Nge7 7. Nge2 h5 8. h4 Bg4 9. 0-0 Nd4 10. f3 Bd7 11. Nd5 c6 12. Nxe7 Qxe7 13. Be3 f5 14. Nxd4 exd4 15. Bg5 Bf6 16. Re1 Bxg5 17. hxg5 0-0-0 18. Qd2 Qh7 19. Qf4 h4 20. gxh4 Qxh4 21. Qxh4 Rxh4 22. Kf2 Rdh8 23. Rh1 Kd8 24. Rxh4 Rxh4 25. Kg3 Rh5 26. f4 fxe4 27. Bxe4 Rh3+ 28. Kg2 Rh4 29. Kg3 Rh3+ 30. Kg2 Rh4 31. Kg3 Rh3+ 32. Kf2 Rh4 33. Kg3 Rh3+ 34. Kg2 Rh4 35. Rf1 Bf5 36. Bxf5 gxf5 37. Kg3 Rg4+ 38. Kf3 Kc7 39. Rh1 b5 40. b3 Kb6 41. Rh6 bxc4 42. dxc4 Kc5 43. Rf6 Kb4 44. Rxf5 Rg1 45. Rf7 Kc3 46. Rd7 Kd3 47. Rxd6 1/2-1/2

[Event "Santo Domingo Independencia op"]
[Site "Santo Domingo"]
[Date "2017.03.03"]
[Round "5"]
[White "Reyes Rodriguez, Jhohansen"]
[Black "Gomez Diaz, Leonardo de Jesus"]
[Result "1-0"]
[WhiteElo "1593"]
[BlackElo "1726"]
[PlyCount "63"]
[EventDate "2017.02.24"]
[EventType "swiss"]
[EventRounds "7"]
[EventCountry "DOM"]
[SourceTitle "CBM 177 Extra"]
[Source "ChessBase"]
[SourceDate "2017.04.27"]
[SourceVersion "1"]
[SourceVersionDate "2017.04.27"]
[SourceQuality "1"]

1. d4 Nf6 2. Nf3 e6 3. Bf4 b6 4. e3 Bb7 5. Nbd2 Be7 6. h3 d6 7. Be2 Nbd7 8. 0-0 0-0 9. c4 c5 10. Rc1 Re8 11. Qc2 cxd4 12. exd4 Bf8 13. Rfe1 e5 14. dxe5 dxe5 15. Bg5 Qc7 16. Bd3 g6 17. Ne4 Nxe4 18. Bxe4 Bg7 19. Rcd1 Bxe4 20. Qxe4 Rac8 21. Rd2 Nc5 22. Qd5 Ne6 23. Rc2 f6 24. Bh4 Rcd8 25. Qb5 Nc5 26. Rd2 a6 27. Qb4 Nd3 28. Rxd3 Rxd3 29. c5 bxc5 30. Qc4+ Qf7 31. Qxd3 e4 32. Rxe4 1-0

[Event "Santo Domingo Independencia op"]
[Site "Santo Domingo"]
[Date "2017.02.25"]
[Round "3"]
[White "De Los Santos Nunez, Eddy"]
[Black "Reyes Rodriguez, Jhohansen"]
[Result "1/2-1/2"]
[WhiteElo "2110"]
[BlackElo "1593"]
[PlyCount "114"]
[EventDate "2017.02.24"]
[EventType "swiss"]
[EventRounds "7"]
[EventCountry "DOM"]
[SourceTitle "CBM 177 Extra"]
[Source "ChessBase"]
[SourceDate "2017.04.27"]
[SourceVersion "1"]
[SourceVersionDate "2017.04.27"]
[SourceQuality "1"]

1. e4 e6 2. d3 d5 3. Nd2 Nf6 4. g3 c5 5. Bg2 Nc6 6. Ngf3 Be7 7. 0-0 0-0 8. e5 Nd7 9. Re1 b5 10. Nf1 Qc7 11. Bf4 a5 12. h4 Rd8 13. N1h2 c4 14. d4 b4 15. Ng4 Ba6 16. Ng5 Qb6 17. Be3 a4 18. Qf3 Bxg5 19. hxg5 Ne7 20. Bh3 b3 21. axb3 cxb3 22. cxb3 Qxb3 23. Ra3 Qxb2 24. Rxa4 Rdc8 25. Nf6+ gxf6 26. gxf6 Be2 27. Qf4 Qc2 28. Rxe2 Qb1+ 29. Kh2 Rxa4 30. Rb2 Qe4 31. Qxe4 dxe4 32. fxe7 Re8 33. Rb7 Nb8 34. Bg2 Nc6 35. Bxe4 Nxe7 36. Bd3 Nd5 37. Bh6 Rxd4 38. Be2 Ne7 39. Bh5 Ng6 40. f4 Ra8 41. Kh3 Rad8 42. Bg5 R8d7 43. Rb8+ Kg7 44. Bf6+ Kh6 45. Kg4 Nxe5+ 46. Bxe5 f5+ 47. Kh4 Rd2 48. g4 Rh2+ 49. Kg3 Rdd2 50. gxf5 Rhg2+ 51. Kf3 Rgf2+ 52. Ke3 Kxh5 53. fxe6 Kg4 54. Rg8+ Kf5 55. e7 Rfe2+ 56. Kf3 Rf2+ 57. Ke3 Rfe2+ 1/2-1/2

[Event "Santo Domingo Autumn op"]
[Site "Santo Domingo"]
[Date "2016.10.07"]
[Round "4"]
[White "Reyes Rodriguez, Jhohansen"]
[Black "Coronado Paulino, Katerine E"]
[Result "1-0"]
[WhiteElo "1497"]
[BlackElo "1773"]
[PlyCount "95"]
[EventDate "2016.10.07"]
[EventType "swiss"]
[EventRounds "8"]
[EventCountry "DOM"]
[SourceTitle "CBM 175 Extra"]
[Source "ChessBase"]
[SourceDate "2016.12.12"]
[SourceVersion "1"]
[SourceVersionDate "2016.12.12"]
[SourceQuality "1"]

1. d4 Nf6 2. Nf3 d5 3. c4 e6 4. Bg5 Be7 5. Nc3 h6 6. Bxf6 Bxf6 7. e3 0-0 8. Bd3 dxc4 9. Bxc4 Bd7 10. 0-0 Bc6 11. e4 Re8 12. Rc1 a6 13. a4 b6 14. Re1 Bb7 15. e5 Bg5 16. Nxg5 Qxg5 17. d5 Nd7 18. Ne4 Qd8 19. dxe6 fxe6 20. Qg4 Bd5 21. f4 Qe7 22. Bxd5 exd5 23. Rxc7 dxe4 24. Qxd7 Qxd7 25. Rxd7 Rac8 26. Rd4 Rc2 27. b3 Rb2 28. Re3 Rc8 29. Rdxe4 Kf7 30. Kf1 Rc1+ 31. Re1 Rxe1+ 32. Rxe1 Rxb3 33. Re4 b5 34. g4 b4 35. a5 Rb2 36. f5 b3 37. Rb4 Rxh2 38. Rxb3 Ra2 39. Rb7+ Kf8 40. e6 Rxa5 41. Kf2 Ra3 42. Rf7+ Kg8 43. f6 gxf6 44. Rxf6 Ra5 45. e7 Re5 46. Rf8+ Kg7 47. e8Q Rxe8 48. Rxe8 1-0